000 00400nam a2200157Ia 4500
008 231217s9999 xx 000 0 und d
041 _aEnglish
082 _a629.2 CRO;8 R
100 _aCrouse, William H Anglin, Donald L
245 0 _aAutomotive mechanics
250 _a10th ed.
260 _c1993
_bGlencoe
_aNew York
300 _axi+820
650 _aAutomotive mechanics
942 _cAA
999 _c172895
_d172895